Rupturas y transformaciones arquitectónicas (Registro nro. 311327)
[ vista simple ]
| 000 -ENCABEZADO | |
|---|---|
| Número de control [NR] | 01119 a2200217 4500 |
| 005 - FECHA Y HORA DE LA ÚLTIMA TRANSACCIÓN | |
| control field | 20211207142712.0 |
| 008 - DE LONGITUD FIJA DE DATOS DE ELEMENTOS - INFORMACIÓN GENERAL | |
| Elementos de longitud fija [NR] | 181211s2018 ck ||||| |||| 00| 0 spa d |
| 020 ## - NUMERO INTERNACIONAL NORMALIZADO PARA LIBROS [R] | |
| Número Internacional Normalizado del libro [NR] | 9789587841084 |
| 040 ## - FUENTE DE CATALOGACION [NR] | |
| Agencia de catalogación original [NR] | CO-BoUCM |
| Idioma de catalogación [NR] | spa |
| Quien Cataloga | Deissy Garcia (modificó) |
| Quien Clasifica | Doris Forero |
| 041 ## - CODIGO DE IDIOMA [R] | |
| Código de idioma para texto/pista de sonido o título separado [R] | Español |
| 100 2# - ASIENTO PRINCIPAL--NOMBRE PERSONAL [NR] | |
| Nombre personal [NR] | Rivas-Sacconi, Fernando Paláu ; Restrepo Zapata, Jaime |
| ID Autoridad | 94964 |
| 245 20 - MENCION DE TITULO [NR] | |
| Título [NR] | Rupturas y transformaciones arquitectónicas |
| Parte restante del título [NR] | Colegio Mayor de Nuestra Señora del Rosario de Bogotá, siglo XX |
| Mención de responsabilidad, etc. [NR] | Fernando Paláu Rivas-Sacconi ; Jaime Restrepo Zapata |
| 260 ## - PUBLICACION, DISTRIBUCION, ETC. (PIE DE IMPRENTA) [R] | |
| Lugar de publicación, distribución, etc. [R] | Bogotá |
| Nombre del editor, distribuidor, etc. [R] | Editorial Universidad del Rosario |
| Fecha de publicación, distribución, etc. [R] | 2018 |
| 300 ## - DESCRIPCION FISICA [R] | |
| Extensión [R] | 430 páginas |
| Otros detalles físicos [NR] | Imagines, mapas |
| 650 #7 - ASIENTO SECUNDARIO DE MATERIA - TERMINO TEMATICO [R] | |
| 9 (RLIN) | 7290 |
| Término temático o nombre geográfico como elemento de entrada [NR] | Arquitectura |
| Subdivisión general [R] | Construcción y restauración |
| 650 #7 - ASIENTO SECUNDARIO DE MATERIA - TERMINO TEMATICO [R] | |
| 9 (RLIN) | 9399 |
| Término temático o nombre geográfico como elemento de entrada [NR] | Arquitectura del paisaje |
| Subdivisión geográfica [R] | Bogotá |
| 650 #7 - ASIENTO SECUNDARIO DE MATERIA - TERMINO TEMATICO [R] | |
| 9 (RLIN) | 7901 |
| Término temático o nombre geográfico como elemento de entrada [NR] | Patrimonio cultural |
| Subdivisión general [R] | Historia |
| 856 ## - LOCALIZACION Y ACCESO ELECTRONICOS [R] | |
| Identificador Uniforme del Recurso (“URI”) [R] | <a href="https://editorial.urosario.edu.co/gpd-rupturas-y-transformaciones-arquitectonicas-en-el-colegio-mayor-de-nuestra-senora-del-rosario-de-bogota-siglo-xx.html">https://editorial.urosario.edu.co/gpd-rupturas-y-transformaciones-arquitectonicas-en-el-colegio-mayor-de-nuestra-senora-del-rosario-de-bogota-siglo-xx.html</a> |
| Nota dirigida al público [R] | Ver información del libro |
| 942 ## - ELEMENTOS DE ENTRADA AGREGADOS (KOHA) | |
| Tipo de ítem principal el descrito en 300a | Edición Rosarista |
| Sistema de clasificación | DEWEY |
| Tema principal | Historia |
| Edición | 1 |
| Clasificación | 727.3086 |
| Parte restante de la signatura top. | R618 |
| Fecha de último préstamo | Total préstamos | Total Renewals | Signatura topográfica | Código de barras | Última vez visto | Ejemplar | Costo de reposición | Price effective from | Tipo de ítem | Perdido | Sistema de clasificación | Dañado | No prestable | Tipo de ítem específico | Suprimido | Ubicación habitual | Ubicación actual | Localización | Fecha de creación | Proveedor | Forma de adquisición | Costo |
|---|---|---|---|---|---|---|---|---|---|---|---|---|---|---|---|---|---|---|---|---|---|---|
| 13/04/2026 | 11 | 3 | 727.3086 R618 | 100159086 | 13/04/2026 | Ej.4 | 98000.00 | 06/12/2018 | Libro | DEWEY | Libro | Claustro | Claustro | 2do piso | 06/12/2018 | 45 | Compra | 98000.00 | ||||
| 10/03/2025 | 6 | 1 | 727.3086 R618 | 100159085 | 06/12/2025 | Ej.3 | 98000.00 | 06/12/2018 | Libro | DEWEY | Libro | Claustro | Claustro | 2do piso | 06/12/2018 | 45 | Compra | 98000.00 | ||||
| 16/04/2026 | 11 | 727.3086 R618 | 100159084 | 16/04/2026 | Ej.2 | 98000.00 | 06/12/2018 | Libro | DEWEY | Libro | Claustro | Claustro | 2do piso | 06/12/2018 | 45 | Compra | 98000.00 | |||||
| 727.3086 R618 | 100159083 | 03/12/2025 | Ej.1 | 98000.00 | 06/12/2018 | Edición Rosarista | DEWEY | Libro Edición Rosarista | Claustro | Claustro | 4to piso | 06/12/2018 | 45 | Compra | 98000.00 |